Strategies for writers / (Record no. 1700)
[ view plain ]
| 000 -LEADER | |
|---|---|
| fixed length control field | 00777nam a22002292 4500 |
| 001 - CONTROL NUMBER | |
| control field | 0000023248 |
| 005 - DATE AND TIME OF LATEST TRANSACTION | |
| control field | 20151021152609.0 |
| 008 - FIXED-LENGTH DATA ELEMENTS--GENERAL INFORMATION | |
| fixed length control field | 120921s xx 000 0 eng d |
| 020 ## - INTERNATIONAL STANDARD BOOK NUMBER | |
| International Standard Book Number | 0736712356 : |
| 040 ## - CATALOGING SOURCE | |
| Original cataloging agency | KABU |
| Transcribing agency | KABU |
| 100 1# - MAIN ENTRY--PERSONAL NAME | |
| Personal name | Crawford, Leslie W. |
| -- | 0000182605 |
| 245 10 - TITLE STATEMENT | |
| Title | Strategies for writers / |
| Statement of responsibility, etc. | Leslie W. Crawford, Rebecca Bowers Sipe. |
| 250 ## - EDITION STATEMENT | |
| Edition statement | 1st ed. |
| 260 ## - PUBLICATION, DISTRIBUTION, ETC. (IMPRINT) | |
| Place of publication, distribution, etc. | Columbus, Ohio : |
| Name of publisher, distributor, etc. | Zaner-Bloser, |
| Date of publication, distribution, etc. | 2003. |
| 300 ## - PHYSICAL DESCRIPTION | |
| Extent | various pagings. |
| 650 #0 - SUBJECT ADDED ENTRY--TOPICAL TERM | |
| Topical term or geographic name as entry element | English language |
| General subdivision | Rhetoric |
| -- | Problems, exercises, etc. |
| -- | 0000152058 |
| 650 #0 - SUBJECT ADDED ENTRY--TOPICAL TERM | |
| Topical term or geographic name as entry element | Report writing |
| General subdivision | Problems, exercises, etc. |
| -- | 0000152059 |
| 700 1# - ADDED ENTRY--PERSONAL NAME | |
| Personal name | Sipe, Rebecca Bowers. |
| -- | 0000182606 |
| 908 ## - PUT COMMAND PARAMETER (RLIN) | |
| Put command parameter | 120921 |
| 950 ## - LOCAL HOLDINGS (RLIN) | |
| -- | 1 |
| Withdrawn status | Lost status | Source of classification or shelving scheme | Not for loan | Home library | Current library | Date acquired | Total Checkouts | Full call number | Barcode | Date last seen | Copy number | Price effective from | Koha item type |
|---|---|---|---|---|---|---|---|---|---|---|---|---|---|
| Library of Congress Classification | Kabarak, Main Campus | Kabarak, Main Campus | 17/12/2015 | PE1417 .C73 2003 c. 1 | 013625 | 17/12/2015 | 17/12/2015 | Children Collection | |||||
| Library of Congress Classification | Kabarak, Main Campus | Kabarak, Main Campus | 17/12/2015 | PE1417 .C73 2003 c. 2 | 013624 | 17/12/2015 | 17/12/2015 | Children Collection | |||||
| Library of Congress Classification | Kabarak, Nakuru City Campus | Kabarak, Nakuru City Campus | 21/10/2015 | PE1417 .C73 2003 c. 1 | 013604 | 21/10/2015 | c.1 | 21/10/2015 | General Collection |